000 01116cam a22003377a 4500
003 CHAP
005 20220329134929.0
008 971013s1973 r 00010 d
010 _a28238
011 _a29210
035 _a33321
040 _cCHAP
082 _a917.2
_bL3
100 0 0 _aLandívar, Rafael.
_964703
245 0 _aPor los campos de México
260 _aMéxico :
_bUniversidad Nacional Autónoma de México,
_c1973
300 _a215 p.
490 0 _aBiblioteca del estudiante universitario
_v; 34
500 _aOriginalmente ed. en 1942
590 _aBATCH-UPD
_b10
_c20130110
_lUCH01
_h0014
590 _aBATCH-UPD
_b10
_c20130110
_lUCH01
_h1637
590 _aBATCH-UPD
_b10
_c20130409
_lUCH01
_h1952
590 _aBATCH-UPD
_b10
_c20130410
_lUCH01
_h1028
590 _aBATCH-UPD
_b10
_c20130914
_lUCH01
_h0619
590 _aCONVERSION
_b10
_c20130109
_lUCH01
_h1316
650 1 4 _aMéxico
_xDescripción y viaje.
_976737
830 0 _aBiblioteca del estudiante universitario
_v; 34
_912364
901 _aBK
942 _cLIBRO
949 _a917.2 L3
_bBC
_cLIBRO
_d33724000128252
_eLIBRO
_h44266
_i33321
_mD
_si
999 _c28238
_d28238